000 00634nam a2200181Ia 4500
008 151018s9999 xx 000 0 und d
082 _bRBASDV6942
_a891.463
100 _aलक्ष्मन तांबोळी
245 _aदूर गेलेले घर
250 _b1
260 _bमॅजेस्टीक प्रकाशन मुंबई
_c1970
300 _a126
600 _aलक्ष्मन तांबोळी
630 _aदूर गेलेले घर
700 _aलक्ष्मन तांबोळी
730 _aदूर गेलेले घर
942 _cBOOK
999 _c1009311
_d1009308